000 00301nam a2200133Ia 4500
008 240624s9999 xx 000 0 und d
041 _aeng
082 _a823 TOL
100 _aTOLSTOY LEO
245 _aSELECTED STORIES
260 _c2004
_aKolkata
_bProjapoti
300 _a430p. ; 21cm.
365 _cRS
999 _c3986
_d3986